| 000 | 00347cam a2200145ua 4500 | ||
|---|---|---|---|
| 041 |
_ahin _h |
||
| 082 |
_a891.54 _bKRI/SE |
||
| 100 | _aKrishnachandra, . | ||
| 245 |
_aSeema / _cKrishnachandra. _hTextual Documents |
||
| 260 |
_aDelhi : _bRajapal yada sangei , _c1962. |
||
| 300 | _a130 ; . | ||
| 504 | _a | ||
| 942 | _cBK | ||
| 999 |
_c12321 _d12321 |
||